000 01526nam a2200445 a 4500
001 22458
003 SK-KTurca
005 20260328124942.0
008 251031s2005 xo f 000 0aslo
015 _aSNBA2006/02-00629
020 _a8055110484
_q(viaz.)
035 _a2A3B80C7-45E0-4FB1-8ACA-A340630AC39D
035 _aurn:nbn:sk:snk-aml6qn
035 _aurn:nbn:sk:snk-am008uci
040 _aSNK
_bslo
_cSNK
041 1 _aslo
_hfre
043 _ae-be---
044 _axo
_cSK
072 7 _a343
_xTrestné právo
_2konspekt
072 7 _a929
_xBiografie
_2konspekt
080 _a616.89-008.442-051
_2MDT-MRF
080 _a616.89-008.442
_2MDT-MRF
080 _a929
_2MDT-MRF
080 _a(493)
_2MDT-MRF
080 _a(0:82-94)
_2MDT-MRF
080 _a343.3/.7-058.6-053.2
_2MDT-MRF
100 1 _aDardenne, Sabine,
_d1983-
_4aut
240 1 0 _aJ'avais 12 ans, j'ai pris mon vélo et je suis partie a l'école-
_lSlovensky
245 1 0 _aMala som 12 rokov, vzala som bicykel a šla som do školy-
_cSabine Dardennová; v spolupráci s Marie-Thérese Cunyovou; [z francúzskeho originálu preložila Erika Hažírová]
250 _a[1. vyd.]
260 _aBratislava
_bIkar
_c2005
300 _a173 s.
_c21 cm
650 0 7 _apedofili
_2SNKPH
650 0 7 _adeti ako obeti trestných činov
_zBelgicko
_2SNKPH
650 0 7 _apedofília
_zBelgicko
_2SNKPH
655 7 _aautobiografické spomienky
_2SNKPH
700 1 _aCuny, Marie-Thérèse
_4aut
700 1 _aHažírová, Erika
_4trl
942 _2ddc
_cKLDO
_n0
999 _c22458
_d22458